00253nam a2200109Ia 4500100002100000650001300021245002800034260003500062082001500097300000800112546002300120 aBandyopadhyay/S  aMachines aMachines and mechanisms bNarosa Publication Housec2012 a621.8bBAN a593 aENGLISHcInfo.Tech